[Event "Pro-Am 2010"]
[Site "Villa Martelli ARG"]
[Date "2010.10.14"]
[Round "3.7"]
[White "Pina Gomez, Ulises"]
[Black "Molina, Roberto Junio Brito"]
[Result "0-1"]
[WhiteElo "2302"]
[BlackElo "2384"]
[PlyCount "144"]
[EventDate "2010.10.10"]
[EventType "swiss"]
[EventRounds "9"]
[EventCountry "ARG"]
[Source "lmi"]
[SourceDate "2010.10.10"]

1. e4 c6 2. Nf3 d5 3. Nc3 Bg4 4. h3 Bxf3 5. Qxf3 e6 6. d3 Nf6 7. Bd2 Bb4 8. e5
Nfd7 9. Qg3 g6 10. O-O-O Be7 11. h4 h5 12. d4 Qb6 13. Bg5 Bxg5+ 14. Qxg5 Qd8
15. Qf4 Qe7 16. g4 hxg4 17. Qxg4 Nf8 18. f4 Nbd7 19. Bd3 O-O-O 20. h5 f5 21.
Qf3 gxh5 22. Rxh5 Ng6 23. Rg5 Rdg8 24. Rdg1 Qf7 25. Qg3 Ne7 26. Ne2 Rxg5 27.
fxg5 Ng6 28. c4 dxc4 29. Bxc4 Rh4 30. Qb3 Ndf8 31. a4 Qe7 32. Kb1 Kb8 33. a5
Qd7 34. Rd1 Rg4 35. a6 b6 36. Qe3 Kc7 37. Rg1 Rxg1+ 38. Nxg1 Qe7 39. Nf3 Qb4
40. Bb3 Qb5 41. Qc3 Qf1+ 42. Kc2 Qxa6 43. d5 exd5 44. Bxd5 Qe2+ 45. Kc1 Ne7 46.
Bf7 Nd7 47. e6 Nc5 48. Qe5+ Qxe5 49. Nxe5 Kd6 50. Nc4+ Kd5 51. g6 Kxc4 52. g7
Kd4 53. g8=Q Nxg8 54. Bxg8 Nb7 55. e7 Nd6 56. Bf7 c5 57. Kd2 b5 58. e8=Q Nxe8
59. Bxe8 b4 60. Bd7 f4 61. b3 c4 62. bxc4 Kxc4 63. Bc6 b3 64. Bf3 a5 65. Be2+
Kb4 66. Kc1 Kc3 67. Kb1 a4 68. Bf3 a3 69. Be4 Kd4 70. Bf3 Ke3 71. Bd5 b2 72.
Ka2 f3 0-1

[Event "Pro-Am 2010"]
[Site "Villa Martelli ARG"]
[Date "2010.10.14"]
[Round "3.8"]
[White "Scarella, Enrique Alejandro"]
[Black "Paveto, Kevin"]
[Result "1-0"]
[WhiteElo "2380"]
[BlackElo "2256"]
[PlyCount "111"]
[EventDate "2010.10.10"]
[EventType "swiss"]
[EventRounds "9"]
[EventCountry "ARG"]
[Source "lmi"]
[SourceDate "2010.10.10"]

1. e4 e5 2. Nf3 Nc6 3. Nc3 Nf6 4. d4 exd4 5. Nxd4 Bb4 6. Nxc6 bxc6 7. Bd3 d5 8.
exd5 cxd5 9. O-O O-O 10. Bg5 c6 11. Qf3 Be7 12. Rae1 Be6 13. Ne2 Bg4 14. Qf4
Bd6 15. Qa4 Bxe2 16. Rxe2 h6 17. Bh4 c5 18. c3 Qd7 19. Qc2 g5 20. Bg3 Rae8 21.
Rd1 c4 22. Bxc4 dxc4 23. Rxd6 Rxe2 24. Qxe2 Re8 25. Qd1 Qa4 26. f3 Qxd1+ 27.
Rxd1 Re2 28. b4 Rxa2 29. Be5 Nh5 30. Rd4 f6 31. Bb8 Ng7 32. Rxc4 Nf5 33. Rc8+
Kf7 34. Rc7+ Kg6 35. Bxa7 Nh4 36. Kf1 Nxg2 37. b5 Rb2 38. c4 Nf4 39. Re7 Rb1+
40. Kf2 Rb2+ 41. Ke1 Nd3+ 42. Kd1 Ra2 43. Bd4 Ra4 44. Kc2 Ra3 45. Re6 Kh5 46.
Rxf6 Ne1+ 47. Kb2 Rd3 48. Bc3 Ng2 49. b6 Ne3 50. b7 Nxc4+ 51. Kb3 Na5+ 52. Kc2
Rxc3+ 53. Kxc3 Nxb7 54. Kb4 g4 55. f4 Nd8 56. Kb5 1-0

[Event "Pro-Am 2010"]
[Site "Villa Martelli ARG"]
[Date "2010.10.14"]
[Round "3.9"]
[White "Fabian, Gaston"]
[Black "De Dovitiis, Alejo"]
[Result "0-1"]
[WhiteElo "2266"]
[BlackElo "2366"]
[PlyCount "110"]
[EventDate "2010.10.10"]
[EventType "swiss"]
[EventRounds "9"]
[EventCountry "ARG"]
[Source "lmi"]
[SourceDate "2010.10.10"]

1. d4 Nf6 2. c4 e6 3. g3 c5 4. d5 exd5 5. cxd5 b5 6. Nf3 d6 7. e4 a6 8. a4 b4
9. Bd3 Be7 10. O-O Bg4 11. Nbd2 Nbd7 12. Qc2 O-O 13. Re1 Re8 14. b3 Bxf3 15.
Nxf3 Ng4 16. Bb2 Bf6 17. Nd2 Bxb2 18. Qxb2 Nde5 19. Qc2 Qf6 20. f4 g5 21. f5
Qh6 22. Re2 Qh3 23. Bc4 Kg7 24. Qd1 Nf6 25. Qf1 Qh5 26. Qg2 g4 27. Rf1 Qg5 28.
Rf4 h5 29. Qf2 Rh8 30. Re3 h4 31. Be2 Nh5 32. f6+ Nxf6 33. Rf5 Qg6 34. gxh4 Rh5
35. h3 Nf3+ 36. Bxf3 gxf3+ 37. Kf1 Nxe4 38. Rxh5 Nxd2+ 39. Qxd2 Qxh5 40. Qb2+
Kg8 41. Re4 f5 42. Re7 Qg6 43. Re6 Qg3 44. Qf2 Qxh3+ 45. Ke1 Qh1+ 46. Kd2 Qg2
47. Ke1 Kf7 48. Qe3 Ra7 49. Qf4 f2+ 50. Qxf2 Qxd5 51. Re3 Re7 52. Rxe7+ Kxe7
53. Kf1 Qh1+ 54. Ke2 Qe4+ 55. Kf1 f4 0-1

[Event "Pro-Am 2010"]
[Site "Villa Martelli ARG"]
[Date "2010.10.14"]
[Round "3.10"]
[White "Barrionuevo, Pablo"]
[Black "Bulcourf, Carlos"]
[Result "1-0"]
[WhiteElo "2365"]
[BlackElo "2207"]
[PlyCount "117"]
[EventDate "2010.10.10"]
[EventType "swiss"]
[EventRounds "9"]
[EventCountry "ARG"]
[Source "lmi"]
[SourceDate "2010.10.10"]

1. c4 c6 2. Nc3 d5 3. d4 Nf6 4. Nf3 Bf5 5. Nh4 Be6 6. g3 Ne4 7. Bg2 f5 8. O-O
g6 9. f3 Nxc3 10. bxc3 Bg7 11. cxd5 cxd5 12. e4 O-O 13. exf5 gxf5 14. Re1 Bd7
15. Bg5 Bf6 16. f4 e6 17. Bxf6 Qxf6 18. Rb1 Rc8 19. Re3 Rc7 20. Nf3 Nc6 21. Qe1
Rac8 22. Rb2 Nd8 23. Ne5 Be8 24. g4 Bg6 25. g5 Qf8 26. Nxg6 hxg6 27. Bxd5 exd5
28. Re8 Rxc3 29. Qe7 Qxe8 30. Qxe8+ Kg7 31. Qe5+ Kh7 32. Qe7+ Kg8 33. Re2 Nf7
34. Qe6 R3c6 35. Qd7 R8c7 36. Qe8+ Kg7 37. Kf2 Rc8 38. Qd7 R8c7 39. Qxd5 Rd6
40. Qb3 b6 41. d5 Rc5 42. Rd2 a5 43. a4 Rc1 44. h4 Rc7 45. Qb2+ Kg8 46. Rc2 Nd8
47. Qa3 Rcd7 48. Rd2 Nb7 49. Qe3 Nc5 50. Qe8+ Kh7 51. Rd4 Ne4+ 52. Kg2 Rc7 53.
h5 gxh5 54. Rxe4 fxe4 55. Qxe4+ Kg8 56. f5 Kf8 57. Qe5 Rc2+ 58. Kh3 Rd7 59. d6
1-0

[Event "Pro-Am 2010"]
[Site "Villa Martelli ARG"]
[Date "2010.10.14"]
[Round "3.12"]
[White "Aparicio, Anibal"]
[Black "Valerga, Diego"]
[Result "1/2-1/2"]
[WhiteElo "2241"]
[BlackElo "2508"]
[PlyCount "111"]
[EventDate "2010.10.10"]
[EventType "swiss"]
[EventRounds "9"]
[EventCountry "ARG"]
[Source "lmi"]
[SourceDate "2010.10.10"]

1. e4 c6 2. Nc3 d5 3. Nf3 Bg4 4. h3 Bxf3 5. Qxf3 e6 6. g3 Nf6 7. Bg2 Bb4 8.
exd5 cxd5 9. Nd1 Nc6 10. c3 Be7 11. Qe2 d4 12. d3 dxc3 13. bxc3 O-O 14. O-O Rc8
15. Rb1 Qd7 16. Ne3 Na5 17. Bb2 b5 18. Rfd1 Rfd8 19. Ba1 h6 20. Qe1 Nb7 21. c4
Nd6 22. cxb5 Nxb5 23. Qa5 Rc5 24. Qa6 Qd6 25. Qa4 Nc3 26. Bxc3 Rxc3 27. Qxa7
Ra3 28. Qb6 Qxb6 29. Rxb6 Bc5 30. Rb2 Rdxd3 31. Rxd3 Rxd3 32. Nf1 Ra3 33. Rc2
Ba7 34. Rd2 g5 35. Bb7 Kg7 36. Kg2 h5 37. Nh2 h4 38. Nf3 hxg3 39. fxg3 Nh5 40.
Be4 f5 41. Bc2 g4 42. hxg4 fxg4 43. Ng5 Rxg3+ 44. Kh2 Re3 45. Rd7+ Kf6 46. Nh7+
Ke5 47. Rxa7 Re2+ 48. Kg1 Rxc2 49. Ra5+ Kf4 50. Rxh5 Kg3 51. Kf1 Rxa2 52. Re5
Ra1+ 53. Ke2 Rh1 54. Nf6 Kf4 55. Nxg4 Kxg4 56. Rxe6 1/2-1/2

[Event "Pro-Am 2010"]
[Site "Villa Martelli ARG"]
[Date "2010.10.14"]
[Round "3.13"]
[White "Perez Rodriguez, Luis Manuel"]
[Black "Perez, Maximiliano"]
[Result "1-0"]
[WhiteElo "2483"]
[BlackElo "2185"]
[PlyCount "55"]
[EventDate "2010.10.10"]
[EventType "swiss"]
[EventRounds "9"]
[EventCountry "ARG"]
[Source "lmi"]
[SourceDate "2010.10.10"]

1. e4 c5 2. Nf3 d6 3. d4 cxd4 4. Nxd4 Nf6 5. Nc3 a6 6. Bg5 e6 7. f4 Be7 8. Qf3
Qc7 9. O-O-O Nbd7 10. g4 b5 11. Bxf6 Nxf6 12. g5 Nd7 13. f5 Nc5 14. f6 gxf6 15.
gxf6 Bf8 16. Rg1 h5 17. Rg7 Bd7 18. e5 Rc8 19. exd6 Bxd6 20. Kb1 Qb6 21. Be2 b4
22. Ne4 Nxe4 23. Qxe4 Rc5 24. Rdg1 Rd5 25. Rg8+ Rxg8 26. Rxg8+ Bf8 27. Rxf8+
Kxf8 28. Qh7 1-0

[Event "Pro-Am 2010"]
[Site "Villa Martelli ARG"]
[Date "2010.10.14"]
[Round "3.14"]
[White "Viana, Dirceu"]
[Black "Perez Ponsa, Federico"]
[Result "1/2-1/2"]
[WhiteElo "2245"]
[BlackElo "2469"]
[PlyCount "32"]
[EventDate "2010.10.10"]
[EventType "swiss"]
[EventRounds "9"]
[EventCountry "ARG"]
[Source "lmi"]
[SourceDate "2010.10.10"]

1. Nf3 Nf6 2. b3 g6 3. Bb2 Bg7 4. g3 d6 5. d4 O-O 6. Bg2 c5 7. c4 d5 8. cxd5
Nxd5 9. O-O Nc6 10. Qd2 Nc7 11. Rd1 cxd4 12. Nxd4 Nxd4 13. Bxd4 Qxd4 14. Qxd4
Bxd4 15. Rxd4 Nb5 16. Rd5 Nd6 1/2-1/2

[Event "Pro-Am 2010"]
[Site "Villa Martelli ARG"]
[Date "2010.10.14"]
[Round "3.15"]
[White "Diaz Hollemaert, Nahuel"]
[Black "Mayorga, Nicolas"]
[Result "0-1"]
[WhiteElo "2443"]
[BlackElo "2247"]
[PlyCount "46"]
[EventDate "2010.10.10"]
[EventType "swiss"]
[EventRounds "9"]
[EventCountry "ARG"]
[Source "lmi"]
[SourceDate "2010.10.10"]

1. c4 c5 2. Nc3 b6 3. e4 Bb7 4. d3 g6 5. h4 Nf6 6. g4 Nc6 7. Bg2 Nd4 8. g5 Nh5
9. Nge2 e5 10. Nd5 Bxd5 11. exd5 f6 12. Nxd4 cxd4 13. Bf3 Bb4+ 14. Kf1 Ng7 15.
h5 fxg5 16. hxg6 h6 17. d6 Rc8 18. Bb7 Rb8 19. Rxh6 Rxh6 20. Qf3 Rxg6 21. Be4
Rh6 22. Qg3 Ne6 23. Qxe5 Qf6 0-1

[Event "Pro-Am 2010"]
[Site "Villa Martelli ARG"]
[Date "2010.10.14"]
[Round "3.16"]
[White "Pineiro, Dario"]
[Black "Real De Azua, Ernesto"]
[Result "0-1"]
[WhiteElo "2162"]
[BlackElo "2432"]
[PlyCount "92"]
[EventDate "2010.10.10"]
[EventType "swiss"]
[EventRounds "9"]
[EventCountry "ARG"]
[Source "lmi"]
[SourceDate "2010.10.10"]

1. e4 c6 2. Nc3 d5 3. Nf3 Bg4 4. h3 Bxf3 5. gxf3 e6 6. d4 Qb6 7. Qd3 Nd7 8. Be3
Ngf6 9. O-O-O g6 10. Kb1 Bg7 11. Rg1 O-O-O 12. Bg2 Qc7 13. Ne2 e5 14. Qa3 a6
15. c4 dxc4 16. d5 cxd5 17. exd5 Nb6 18. d6 Qc6 19. f4 e4 20. Nd4 Qxd6 21. Qxd6
Rxd6 22. Nb5 Rxd1+ 23. Rxd1 axb5 24. Bxb6 Nd7 25. Bd4 Bxd4 26. Rxd4 Nc5 27.
Bxe4 Re8 28. f3 f5 29. Bd5 Re1+ 30. Kc2 Re2+ 31. Rd2 Rxd2+ 32. Kxd2 Nd3 33. Bg8
h6 34. Ke3 Nxb2 35. Bf7 Kd7 36. Bxg6 Ke6 37. a3 c3 38. Be8 b4 39. axb4 c2 40.
Kd2 Nd3 41. Kxc2 Nxb4+ 42. Kc3 Nd5+ 43. Kd4 Nxf4 44. h4 b6 45. Ke3 Ke5 46. h5
Nd5+ 0-1

[Event "Pro-Am 2010"]
[Site "Villa Martelli ARG"]
[Date "2010.10.14"]
[Round "3.17"]
[White "Pierrot, Juan Facundo"]
[Black "Koch, Juan Enrique"]
[Result "1/2-1/2"]
[WhiteElo "2431"]
[BlackElo "2095"]
[PlyCount "82"]
[EventDate "2010.10.10"]
[EventType "swiss"]
[EventRounds "9"]
[EventCountry "ARG"]
[Source "lmi"]
[SourceDate "2010.10.10"]

1. e4 e5 2. Nf3 Nc6 3. Bb5 Nge7 4. c3 g6 5. O-O Bg7 6. d4 exd4 7. cxd4 a6 8.
Ba4 b5 9. Bb3 O-O 10. Bg5 h6 11. Bh4 Na5 12. Bc2 d6 13. Nc3 Bg4 14. h3 Bxf3 15.
Qxf3 g5 16. Bg3 Nec6 17. Ne2 Qf6 18. Qd3 Nb4 19. e5 Nxd3 20. exf6 Nxb2 21. fxg7
Kxg7 22. Nc3 f5 23. f4 Nc6 24. Bf2 Ne7 25. Rae1 Rae8 26. Re2 Nc4 27. Rfe1 Kf7
28. fxg5 hxg5 29. g4 b4 30. Bb3 bxc3 31. Bxc4+ d5 32. Bxa6 f4 33. Bd3 Nc6 34.
Rxe8 Rxe8 35. Rxe8 Kxe8 36. Bb5 c2 37. Bxc6+ Ke7 38. Bxd5 c1=Q+ 39. Kg2 Kd6 40.
Bf3 Qb2 41. a4 Qa2 1/2-1/2

[Event "Pro-Am 2010"]
[Site "Villa Martelli ARG"]
[Date "2010.10.14"]
[Round "3.18"]
[White "Zuriel, Marisa"]
[Black "Saldano Dayer, Horacio"]
[Result "0-1"]
[WhiteElo "2193"]
[BlackElo "2406"]
[PlyCount "74"]
[EventDate "2010.10.10"]
[EventType "swiss"]
[EventRounds "9"]
[EventCountry "ARG"]
[Source "lmi"]
[SourceDate "2010.10.10"]

1. e4 c6 2. d4 d5 3. e5 Bf5 4. Nf3 e6 5. Nbd2 c5 6. dxc5 Bxc5 7. Nb3 Bb6 8.
Bb5+ Nd7 9. Nbd4 Bg4 10. h3 Bh5 11. c3 a6 12. Ba4 Ne7 13. g4 Bg6 14. h4 h5 15.
Ng5 Qc7 16. f4 O-O-O 17. Be3 Nc5 18. Bc2 hxg4 19. Bxg6 Nxg6 20. Qe2 Rde8 21.
Qxg4 Nd3+ 22. Kd2 Nxb2 23. Rac1 Nc4+ 24. Ke2 Qd7 25. h5 Ne7 26. Bf2 Nf5 27.
Ngf3 f6 28. Rb1 fxe5 29. Nxe5 Nxe5 30. fxe5 Bxd4 31. Bxd4 Qa4 32. Rb2 Rhf8 33.
Rd2 Qc4+ 34. Ke1 Rf7 35. Qg6 Ree7 36. Kd1 Nxd4 37. Rxd4 Qxc3 0-1

[Event "Pro-Am 2010"]
[Site "Villa Martelli ARG"]
[Date "2010.10.14"]
[Round "3.19"]
[White "Cavadini, Ignacio"]
[Black "Julia, Ernesto"]
[Result "0-1"]
[WhiteElo "2111"]
[BlackElo "2388"]
[PlyCount "80"]
[EventDate "2010.10.10"]
[EventType "swiss"]
[EventRounds "9"]
[EventCountry "ARG"]
[Source "lmi"]
[SourceDate "2010.10.10"]

1. h3 e5 2. a3 d5 3. c4 d4 4. d3 a5 5. g3 Be7 6. Bg2 Nf6 7. Nf3 Nc6 8. O-O O-O
9. Re1 Nd7 10. e3 Nc5 11. exd4 exd4 12. Ne5 Nxe5 13. Rxe5 c6 14. Qc2 Bd6 15.
Re1 Bf5 16. Bf1 Qf6 17. Nd2 Qg6 18. Nf3 Nxd3 19. Bxd3 Bxd3 20. Qd2 Rfe8 21. Rd1
Be2 22. Nh4 Qf6 23. Re1 Bxc4 24. Rd1 Bb3 25. Rf1 Bd5 26. Qd1 c5 27. Bd2 a4 28.
Qc1 h6 29. f4 Qe6 30. f5 Qe4 31. Rf3 Qe2 32. Rf2 Qe5 33. Rf4 Qf6 34. Rg4 Re4
35. Bf4 Rae8 36. Qf1 Bxf4 37. gxf4 Re3 38. Qf2 Rxh3 39. Ng2 Qxf5 40. Rg3 Re2
0-1

[Event "Pro-Am 2010"]
[Site "Villa Martelli ARG"]
[Date "2010.10.14"]
[Round "3.20"]
[White "Rasgido, Alejandro"]
[Black "Quiroga, Facundo"]
[Result "0-1"]
[WhiteElo "2001"]
[BlackElo "2357"]
[PlyCount "108"]
[EventDate "2010.10.10"]
[EventType "swiss"]
[EventRounds "9"]
[EventCountry "ARG"]
[Source "lmi"]
[SourceDate "2010.10.10"]

1. b3 e5 2. Bb2 Nc6 3. e3 d6 4. Bb5 Bd7 5. Nf3 a6 6. Be2 g6 7. d3 Bg7 8. c4 h5
9. h4 Nh6 10. Nc3 O-O 11. O-O Ng4 12. g3 Ne7 13. d4 Nf5 14. Ne4 Qe7 15. d5 a5
16. Rc1 b6 17. a4 Bh6 18. Re1 Ng7 19. Nh2 Nxh2 20. Kxh2 f5 21. Nd2 f4 22. exf4
Rxf4 23. Bf3 Rf7 24. Rc2 Raf8 25. Bg2 Rxf2 26. Ne4 Rxc2 27. Qxc2 Bf5 28. Qe2
Bxe4 29. Bxe4 Nf5 30. Rf1 Qf7 31. Bg2 Kg7 32. Bc3 Qe8 33. Bh3 Ne3 34. Rf3 Rxf3
35. Qxf3 Kh7 36. Be6 Qf8 37. Qxf8 Bxf8 38. Kg1 Be7 39. Bd7 Kg7 40. Bd2 Nf5 41.
Kf2 Bf6 42. b4 axb4 43. Bxb4 e4 44. Bxf5 Bd4+ 45. Kg2 gxf5 46. a5 bxa5 47. Bxa5
Bb6 48. Bc3+ Kf7 49. Kf1 Ke7 50. Ke2 Kd7 51. Bf6 c6 52. Bg5 cxd5 53. cxd5 Kc7
54. Kd2 Bd4 0-1

[Event "Pro-Am 2010"]
[Site "Villa Martelli ARG"]
[Date "2010.10.14"]
[Round "3.21"]
[White "Bronstein, Luis Marcos"]
[Black "Anelli, Antonio"]
[Result "1-0"]
[WhiteElo "2347"]
[BlackElo "2184"]
[PlyCount "111"]
[EventDate "2010.10.10"]
[EventType "swiss"]
[EventRounds "9"]
[EventCountry "ARG"]
[Source "lmi"]
[SourceDate "2010.10.10"]

1. d4 Nf6 2. c4 d6 3. Nc3 Nbd7 4. Nf3 e5 5. Bg5 Be7 6. e3 c6 7. Bd3 Ng8 8. Bxe7
Qxe7 9. Qc2 Ngf6 10. O-O O-O 11. b4 Re8 12. Ng5 Nf8 13. dxe5 Qxe5 14. Nf3 Qe7
15. Rad1 Bg4 16. Be2 Rad8 17. a3 N8d7 18. h3 Be6 19. Nd4 Nb6 20. Na4 Nxa4 21.
Qxa4 Ra8 22. Qc2 d5 23. c5 Bd7 24. Bd3 g6 25. Rfe1 Qe5 26. f3 Nh5 27. g4 Nf4
28. Bf1 Ne6 29. Qh2 Nxd4 30. exd4 Qxh2+ 31. Kxh2 g5 32. Kg3 Rxe1 33. Rxe1 Re8
34. Rxe8+ Bxe8 35. Bd3 Bd7 36. h4 h6 37. hxg5 hxg5 38. f4 f6 39. fxg5 fxg5 40.
Bf5 Be8 41. Bc8 Kf8 42. Bxb7 Ke7 43. Bc8 Kd8 44. Bf5 Kc7 45. Kf3 Kb7 46. Ke3
Bf7 47. Kd3 Kc7 48. Kc3 Kb7 49. Kb3 Kc7 50. Ka4 Kb7 51. Ka5 Be8 52. a4 Bf7 53.
b5 Be8 54. Bd3 Kc7 55. Ka6 Kb8 56. b6 1-0

[Event "Pro-Am 2010"]
[Site "Villa Martelli ARG"]
[Date "2010.10.14"]
[Round "3.23"]
[White "Slipak, Sergio"]
[Black "Ciurlanti, Federico"]
[Result "1-0"]
[WhiteElo "2446"]
[BlackElo "2079"]
[PlyCount "41"]
[EventDate "2010.10.10"]
[EventType "swiss"]
[EventRounds "9"]
[EventCountry "ARG"]
[Source "lmi"]
[SourceDate "2010.10.10"]

1. d4 Nf6 2. c3 d5 3. Bg5 Ne4 4. Bf4 g6 5. Nd2 Bg7 6. e3 Nxd2 7. Qxd2 b6 8. Nf3
O-O 9. O-O-O Nd7 10. h4 Nf6 11. Bd3 c5 12. Ne5 Nh5 13. Bh2 f6 14. Nxg6 hxg6 15.
Bxg6 cxd4 16. Qe2 Bh6 17. Qxh5 Kg7 18. Bc2 Rh8 19. Qg6+ Kf8 20. Rxd4 e5 21.
Rxd5 1-0

[Event "Pro-Am 2010"]
[Site "Villa Martelli ARG"]
[Date "2010.10.14"]
[Round "3.24"]
[White "Radoszta, Armando E"]
[Black "Cuevas, Alex"]
[Result "1-0"]
[WhiteElo "2076"]
[BlackElo "2305"]
[PlyCount "71"]
[EventDate "2010.10.10"]
[EventType "swiss"]
[EventRounds "9"]
[EventCountry "ARG"]
[Source "lmi"]
[SourceDate "2010.10.10"]

1. e4 e6 2. c4 c5 3. Nc3 g6 4. d4 Bg7 5. d5 exd5 6. exd5 d6 7. Qe2+ Ne7 8. Bg5
f6 9. Bf4 O-O 10. O-O-O Nf5 11. Qd2 a6 12. Bd3 b5 13. Nge2 b4 14. Ne4 g5 15.
Bg3 Nxg3 16. hxg3 h6 17. g4 f5 18. gxf5 Bxf5 19. N2g3 Nd7 20. Nxf5 Rxf5 21.
Nxd6 Rf4 22. g3 b3 23. axb3 Rf3 24. Qe2 Qf6 25. Qe6+ Kh8 26. Qxf6 Nxf6 27. Nf7+
Kg8 28. Nxh6+ Bxh6 29. Rxh6 Ng4 30. Be2 Nxh6 31. Bxf3 Nf5 32. d6 Rd8 33. Rd5
Nd4 34. Bd1 Ne6 35. Bg4 Nd4 36. b4 1-0

[Event "Pro-Am 2010"]
[Site "Villa Martelli ARG"]
[Date "2010.10.14"]
[Round "3.25"]
[White "Nejanky, Maisa"]
[Black "Languidey, Simon Alejandro"]
[Result "0-1"]
[WhiteElo "2069"]
[BlackElo "2257"]
[PlyCount "90"]
[EventDate "2010.10.10"]
[EventType "swiss"]
[EventRounds "9"]
[EventCountry "ARG"]
[Source "lmi"]
[SourceDate "2010.10.10"]

1. e4 e6 2. d4 d5 3. Nc3 dxe4 4. Nxe4 Nd7 5. Nf3 Ngf6 6. Bd3 Nxe4 7. Bxe4 c5 8.
c3 Nf6 9. Bc2 Be7 10. O-O cxd4 11. Nxd4 O-O 12. Qe2 Qc7 13. Nb5 Qb8 14. Bg5 Rd8
15. Rad1 Bd7 16. Nd4 Nd5 17. Bxe7 Nxe7 18. Rd2 Qc7 19. Rfd1 Ng6 20. g3 Ne5 21.
b3 Bc6 22. Nxc6 Nxc6 23. f4 g6 24. Be4 Ne7 25. c4 Rac8 26. Qe3 b6 27. Rd4 Nc6
28. Bxc6 Rxd4 29. Qxd4 Qxc6 30. Kf2 b5 31. cxb5 Qxb5 32. Rd2 a5 33. Ke3 Qf1 34.
Qf6 Qe1+ 35. Kd3 h5 36. Re2 Qf1 37. Ke3 Qg1+ 38. Ke4 a4 39. Qd4 Qh1+ 40. Ke5
axb3 41. axb3 Qb1 42. Kf6 Qxb3 43. Qd7 Rf8 44. Qe7 h4 45. Rg2 Qd5 0-1

[Event "Pro-Am 2010"]
[Site "Villa Martelli ARG"]
[Date "2010.10.14"]
[Round "3.26"]
[White "Miranda, Rafael"]
[Black "Wisniacki, Flavio"]
[Result "0-1"]
[WhiteElo "2055"]
[BlackElo "2257"]
[PlyCount "73"]
[EventDate "2010.10.10"]
[EventType "swiss"]
[EventRounds "9"]
[EventCountry "ARG"]
[Source "lmi"]
[SourceDate "2010.10.10"]

1. e4 c6 2. d4 d5 3. Nd2 dxe4 4. Nxe4 Bf5 5. Ng3 Bg6 6. h4 h6 7. Nf3 Nd7 8. h5
Bh7 9. Bd3 Bxd3 10. Qxd3 e6 11. Bd2 Ngf6 12. O-O-O Be7 13. Ne4 Nxe4 14. Qxe4
Nf6 15. Qe2 Qd5 16. c4 Qe4 17. Rde1 Qxe2 18. Rxe2 b5 19. b3 O-O 20. Ne5 bxc4
21. bxc4 Ba3+ 22. Kc2 Rab8 23. Bc3 Rfc8 24. g4 c5 25. dxc5 Bxc5 26. f4 Bb4 27.
Re3 Bxc3 28. Rxc3 Ne4 29. Rb3 f6 30. Rxb8 Rxb8 31. Nc6 Rb6 32. Re1 Nc5 33. Nd4
Ra6 34. Nb3 Rxa2+ 35. Kb1 Nd3 36. Kxa2 Nxe1 37. Nc1 0-1

[Event "Pro-Am 2010"]
[Site "Villa Martelli ARG"]
[Date "2010.10.14"]
[Round "3.27"]
[White "Gimenez, Santiago"]
[Black "Fernandez, Marcelo Fabian"]
[Result "0-1"]
[WhiteElo "2249"]
[BlackElo "2065"]
[PlyCount "130"]
[EventDate "2010.10.10"]
[EventType "swiss"]
[EventRounds "9"]
[EventCountry "ARG"]
[Source "lmi"]
[SourceDate "2010.10.10"]

1. Nf3 Nf6 2. g3 g6 3. Bg2 Bg7 4. O-O d5 5. d3 O-O 6. Nc3 Nc6 7. a3 h6 8. Qe1
e5 9. e4 d4 10. Ne2 Bg4 11. Nd2 Qd7 12. f4 Bxe2 13. Qxe2 h5 14. Nf3 a5 15. f5
b5 16. Nh4 Ne7 17. Bh3 Ra6 18. Kg2 Qd6 19. Bd2 c5 20. Rf2 Qc6 21. Raf1 b4 22.
Bg5 c4 23. axb4 axb4 24. fxg6 fxg6 25. g4 hxg4 26. Bxg4 c3 27. b3 Kh7 28. Kg1
Neg8 29. Kh1 Raa8 30. Nxg6 Kxg6 31. Bf5+ Kf7 32. Bh7 Ke6 33. Bxg8+ Nxg8 34.
Qg4+ Kd6 35. Bh4 Rxf2 36. Rxf2 Ra7 37. Qg6+ Kc5 38. Qh7 Qe6 39. Rf5 Nh6 40. Rg5
Qf7 41. Kg2 Qd7 42. Bg3 Ng4 43. Kf3 Nf6 44. Rxe5+ Kc6 45. Qh4 Ra2 46. Rg5 Rxc2
47. e5 Qd5+ 48. Kf4 Ne8 49. Qh5 Qd7 50. Rg6+ Kb7 51. Qf3+ Ka7 52. Qe4 Rc1 53.
e6 Qe7 54. Qc6 Qb7 55. Qa4+ Kb6 56. e7+ Bf6 57. Qxb4+ Kc6 58. Qa4+ Qb5 59. Qa8+
Kd7 60. Qd8+ Kc6 61. Qc8+ Kb6 62. Rg4 Qxd3 63. Rg8 Rf1+ 64. Kg4 Qf3+ 65. Kh3
Qf5+ 0-1

[Event "Pro-Am 2010"]
[Site "Villa Martelli ARG"]
[Date "2010.10.14"]
[Round "3.28"]
[White "Bassan, Remo"]
[Black "Garcia, Ezequiel Alejandro"]
[Result "1-0"]
[WhiteElo "2240"]
[BlackElo "2032"]
[PlyCount "37"]
[EventDate "2010.10.10"]
[EventType "swiss"]
[EventRounds "9"]
[EventCountry "ARG"]
[Source "lmi"]
[SourceDate "2010.10.10"]

1. e4 e6 2. d4 d5 3. Nc3 dxe4 4. Nxe4 Bd7 5. Nf3 Bc6 6. Bd3 Nd7 7. O-O Be7 8.
c4 Ngf6 9. Ng3 O-O 10. b3 b6 11. Bb2 Bb7 12. Qe2 c5 13. Rad1 cxd4 14. Nxd4 Re8
15. Nxe6 fxe6 16. Qxe6+ Kf8 17. Qh3 g6 18. c5 Kg7 19. Bb5 1-0

[Event "Pro-Am 2010"]
[Site "Villa Martelli ARG"]
[Date "2010.10.14"]
[Round "3.29"]
[White "Acosta, Pablo Ismael"]
[Black "Virgillito, Cristian"]
[Result "0-1"]
[WhiteElo "2023"]
[BlackElo "2239"]
[PlyCount "116"]
[EventDate "2010.10.10"]
[EventType "swiss"]
[EventRounds "9"]
[EventCountry "ARG"]
[Source "lmi"]
[SourceDate "2010.10.10"]

1. d4 d5 2. c4 c6 3. Nc3 e6 4. Nf3 Nf6 5. e3 Nbd7 6. Bd3 dxc4 7. Bxc4 b5 8. Bd3
a6 9. O-O c5 10. Ne5 Bb7 11. f4 h5 12. f5 Qc7 13. Nxd7 Qxd7 14. fxe6 Qxe6 15.
Bf5 Qb6 16. d5 Bd6 17. e4 c4+ 18. Kh1 Ng4 19. Qe2 Bxh2 20. Bf4 Bxf4 21. Rxf4 g6
22. Bd7+ Kxd7 23. Rxf7+ Kc8 24. e5 Qe3 25. Qxe3 Nxe3 26. d6 Rd8 27. Ne2 Bxg2+
28. Kg1 Bd5 29. Rg7 Rd7 30. Rxg6 Kb7 31. Nf4 Kc6 32. Re1 Nf5 33. Nxh5 Nh4 34.
Rf6 Nf3+ 35. Rxf3 Bxf3 36. Nf6 Rf7 37. Kf2 Bd5 38. Ke3 Rxf6 39. exf6 Re8+ 40.
Kf2 Rxe1 41. Kxe1 Kxd6 42. Kd2 b4 43. Ke3 Ke5 44. a3 a5 45. axb4 axb4 46. f7
Bxf7 47. Kd2 Kd4 48. Kc2 Bg6+ 49. Kd2 b3 50. Kc1 c3 51. bxc3+ Kxc3 52. Kd1 b2
53. Ke2 b1=Q 54. Kf3 Qe4+ 55. Kf2 Bh5 56. Kg1 Qe2 57. Kh1 Bf3+ 58. Kg1 Qg2# 0-1

[Event "Pro-Am 2010"]
[Site "Villa Martelli ARG"]
[Date "2010.10.14"]
[Round "3.31"]
[White "Franco, Gaston Nicolas"]
[Black "Tokman, Ariel"]
[Result "0-1"]
[WhiteElo "2017"]
[BlackElo "2202"]
[PlyCount "76"]
[EventDate "2010.10.10"]
[EventType "swiss"]
[EventRounds "9"]
[EventCountry "ARG"]
[Source "lmi"]
[SourceDate "2010.10.10"]

1. e4 c5 2. Nf3 e6 3. c3 Nf6 4. d3 Nc6 5. g3 d6 6. Bg2 Be7 7. O-O O-O 8. Qe2
Rb8 9. a4 Bd7 10. Rd1 Qc7 11. Na3 a6 12. d4 e5 13. dxc5 dxc5 14. Nc4 Rfd8 15.
Ncxe5 Nxe5 16. Nxe5 Qxe5 17. Bf4 Qe6 18. Bxb8 Rxb8 19. e5 Bf8 20. f4 Ne8 21.
Bd5 Qe7 22. Qc4 Bg4 23. Rf1 g6 24. Qe4 Bc8 25. a5 Bf5 26. Qf3 c4 27. Be4 Ng7
28. g4 Bc8 29. f5 Qe8 30. e6 Bc5+ 31. Kh1 f6 32. fxg6 hxg6 33. Rae1 Be7 34. Bd5
b5 35. axb6 Rxb6 36. Qe3 Rb5 37. Bxc4 Bb7+ 38. Rf3 Re5 0-1